000 00734nam a22001817a 4500
999 _c19623
_d19623
003 AR-CdUCM
008 190518b ||||| |||| 00| 0 spa d
040 _aMUNICIPALIDAD PROVINCIAL DEL CUSCO
_cBIBLIOTECA MUNICIPAL DEL CUSCO
082 _a974.07 /
_bG55
100 _aGonzáles Ramírez, Manuel.
_928198
245 _aLa revolución social de México /
260 _aMéxico :
_bFondo de cultura económica,
_c1960.
300 _a726 páginas ;
_c21 cm.
505 _aContenido : Las ideas y su dialéctica -- Acción e ideas de la revolución Mexicana -- Oposición con manifestaciones de co-operación -- La oposición antirreeleccionista ...
650 _aViolencia.
_911768
942 _2ddc
_cLIBROS
945 _arum
_d2019-05-18